A filozófia nagy rendszerei
Elmentve itt :
| Szerző: | |
|---|---|
| Adatforrás: | Philobibl |
| Dokumentumtípus: | Könyv |
| Nyelv: | magyar |
| Kulcsszavak: | rendszerelmélet filozófiatörténet |
| Megjelent: |
Bp.
Magyar Szemle Társaság
1929
|
| Sorozat: | A Magyar Szemle kincsestára
|
| LEADER | 00475nam a2200157 c 4500 | ||
|---|---|---|---|
| 001 | bibDOK00006556 | ||
| 005 | 20200924120239.7 | ||
| 008 | 060518s1929 hu hun | ||
| 100 | 2 | |a Halasy-Nagy József | |
| 245 | 1 | 2 | |a A filozófia nagy rendszerei |c Halasy-Nagy József |
| 260 | |a Bp. |b Magyar Szemle Társaság |c 1929 | ||
| 300 | |a 77 p. | ||
| 490 | 1 | |a A Magyar Szemle kincsestára 76. | |
| 695 | |a rendszerelmélet | ||
| 695 | |a filozófiatörténet | ||
| 830 | 2 | |a A Magyar Szemle kincsestára | |